Co víme o čičorce pestré

Bibliographic Details
Main Authors: Sovová, Marie (Author), Opletal, Lubomír, 1952- (Author)
Format: Article
Language:Slovak
Czech
Subjects:

MARC

LEADER 00000nab a2200000 a 4500
001 vtls000061221
003 SK-MaSNL
005 20260304062327.0
008 250422c1980 xo 0 slo
015 |a SNBRB19rr/mm-uuuuu 
035 |a CL0071321 
035 |a urn:nbn:sk:snk-ab1pl 
035 |a (urnnbn)urn:nbn:sk:snk:ar-002e5p 
035 |a (uuid)73260ea1-d06d-4595-a547-7873f2614ebc 
040 |a SNKBUCL  |b slo  |c SNKBUCL  |e AACR2 
041 0 |a cze 
044 |a xo  |c SK 
080 |a 577  |2 1981 
080 |a 582.6/.9  |2 1981 
100 1 |a Sovová, Marie  |4 aut  |9 711620 
245 1 0 |a Co víme o čičorce pestré  |c M. Sovová, L. Opletal 
650 0 7 |a ranostaj pestrý  |2 snkbucl  |9 929616 
650 0 7 |a Coronilla varia  |2 snkbucl  |9 1289074 
650 0 7 |a látky biologické  |2 snkbucl  |9 1014784 
655 7 |a články z novín a časopisov  |2 snkbucl  |9 267496 
700 1 |a Opletal, Lubomír,  |d 1952-  |4 aut  |9 98706 
773 0 |t Naše liečivé rastliny  |g Č. 4 (1980), s. 113-115 
850 |a Slovenská národná knižnica 
852 |a Slovenská národná knižnica 
954 |a odborná, vedecká literatúra pôvodná (slovenská)  |2 lita 
954 |a odborná, vedecká literatúra cudzojazyčná (svetová)  |2 lita 
958 |a article27 
958 |a RK 
958 |a MI 
958 |a CZ 
958 |a OND 
958 |a EUIPO 
992 |a RBX 
999 |c 2737549  |d 2739479